Mechanics of materials (Record no. 3297)

000 -LEADER
fixed length control field 00538nam a2200217 i 4500
001 - CONTROL NUMBER
control field 3297
003 - CONTROL NUMBER IDENTIFIER
control field BD-DhUET
008 - FIXED-LENGTH DATA ELEMENTS--GENERAL INFORMATION
fixed length control field 800828s1981 nyua 001 0 eng
020 ## - INTERNATIONAL STANDARD BOOK NUMBER
International Standard Book Number 0070661782
020 ## - INTERNATIONAL STANDARD BOOK NUMBER
International Standard Book Number 0070042845
040 ## - CATALOGING SOURCE
Original cataloging agency DLC
Transcribing agency DLC
Modifying agency BD-DhUET
082 00 - DEWEY DECIMAL CLASSIFICATION NUMBER
Classification number 620.11
Item number BEE/1981
100 ## - MAIN ENTRY--PERSONAL NAME
Personal name Beer, Ferdinand P.
245 10 - TITLE STATEMENT
Title Mechanics of materials
250 ## - EDITION STATEMENT
Edition statement 1st ed.
260 ## - PUBLICATION, DISTRIBUTION, ETC. (IMPRINT)
Place of publication, distribution, etc. Auckland
Name of publisher, distributor, etc. McGraw-Hill
Date of publication, distribution, etc. 1981
300 ## - PHYSICAL DESCRIPTION
Extent xv, 616 p.
Other physical details il
650 #0 - SUBJECT ADDED ENTRY--TOPICAL TERM
Topical term or geographic name as entry element Strength of materials
700 1# - ADDED ENTRY--PERSONAL NAME
Personal name Johnston, E. Russell
942 ## - ADDED ENTRY ELEMENTS (KOHA)
Koha item type General Book
Holdings
Shelving location Piece designation (barcode) Withdrawn status Koha item type Lost status Source of classification or shelving scheme Price effective from Koha issues (times borrowed) Not for loan Koha date last borrowed Damaged status Koha renewals Koha date last seen Koha full call number Location (home branch) Date acquired Sublocation or collection (holding branch) Copy number Koha normalized classification for sorting
Circulation section59574 General Book  2014-10-253 2025-04-29  2025-05-13620.11/BEE/1981Central Library, BUET2014-10-25Central Library, BUET1620_110000000000000_BEE_1981
Circulation section86676 General Book  2015-01-195 2021-12-12  2025-04-22620.11/BEE/1981Central Library, BUET2015-01-19Central Library, BUET2620_110000000000000_BEE_1981
Circulation section59568 General Book  2015-04-191 2018-05-13  2018-05-19620.11/BEE/1981Central Library, BUET2015-04-19Central Library, BUET3620_110000000000000_BEE_1981
Circulation section59565 General Book  2015-04-19     2015-04-19620.11/BEE/1981Central Library, BUET2015-04-19Central Library, BUET5620_110000000000000_BEE_1981
Reading section84611 General Book  2015-06-16     2015-06-16620.11/BEE/1981Central Library, BUET2015-06-16Central Library, BUET6620_110000000000000_BEE_1981
Reading section59560 Rental Item  2015-07-06     2015-07-06620.11 BEE/1981Central Library, BUET2015-07-06Central Library, BUET7620_110000000000000_BEE_1981